| 000 | 00926cam a22002897a 4500 | ||
|---|---|---|---|
| 003 | CHAP | ||
| 005 | 20220817042334.0 | ||
| 008 | 971013s1976 r 00010 d | ||
| 010 | _a41380 | ||
| 011 | _a42352 | ||
| 035 | _a46481 | ||
| 040 | _cCHAP | ||
| 082 |
_a633.18 _bF6 |
||
| 110 | _aFood and Fertilizer Technology Center for the Asian and Pacific Region | ||
| 245 | 1 | 4 | _aThe fertility of paddy soils and fertilizer applications for rice |
| 260 |
_aTaiwan : _b(s.e.), _c1976 |
||
| 300 |
_a249 p. _b: gráfs. |
||
| 590 |
_aBATCH-UPD _b10 _c20130110 _lUCH01 _h1529 |
||
| 590 |
_aCONVERSION _b10 _c20130109 _lUCH01 _h1323 |
||
| 650 | 1 | 4 |
_aFertilizantes para arroz. _940602 |
| 650 | 1 | 4 |
_aFertilizantes _xEfecto en arroz. _940479 |
| 650 | 1 | 4 |
_aSuelos arroceros. _9110536 |
| 650 | 1 | 4 |
_aSuelos _xFertilidad. _9110367 |
| 901 | _aBK | ||
| 942 | _cLIBRO | ||
| 949 |
_a633.18 F6 _bBC _cLIBRO _d33724000397337 _eLIBRO _h41254 _i46481 _si |
||
| 999 |
_c41380 _d41380 |
||